Sports Quiz

Random Sports or Basketball Quiz

Home State Players: Charlotte Hornets Quiz Stats

Quiz not verified by Sporcle

Challenge
Share
Tweet
Embed
Score 0/5 Timer 03:00
0 Plays Today
Season(s) Player % Correct
1989-1995Kenny Gattison
71.4%
1999-2000Todd Fuller
57.1%
2014-2016P.J. Hairston
57.1%
1998-1999Charles Shackleford
28.6%
2006-2008Jeff McInnis
28.6%

You're not logged in!

Compare scores with friends on all Sporcle quizzes.
Sign Up with Email
OR
Log In

You Might Also Like...

Show Comments

Extras

Top Quizzes Today


Score Distribution

Your Account Isn't Verified!

In order to create a playlist on Sporcle, you need to verify the email address you used during registration. Go to your Sporcle Settings to finish the process.